[Event "Baku Open 2013"]
[Site "Baku AZE"]
[Date "2013.09.23"]
[Round "5.33"]
[White "Heydarli,K"]
[Black "Mammadzada,G"]
[Result "1/2-1/2"]
[WhiteElo "2278"]
[BlackElo "2104"]

1.d4 d5 2.Nf3 Nf6 3.c4 c6 4.e3 e6 5.Nc3 Nbd7 6.Bd3 b6 7.O-O Be7 8.Qe2 Bb7
9.e4 dxe4 10.Nxe4 O-O 11.b3 c5 12.Bb2 cxd4 13.Bxd4 Qc7 14.Rad1 e5 15.Bc3 Nh5
16.Bb1 f5 17.Ng3 Nf4 18.Qe3 Bc5 19.Rxd7 Qxd7 20.Nxe5 Bxe3 21.Nxd7 Rfe8 22.fxe3 Rxe3
23.Bd2 Ne2+ 24.Kf2 Nxg3 25.Bxe3 Nxf1 26.Kxf1 Re8 27.Kf2 Bc6 28.Bxf5 Re7 29.Nb8 Bb7
30.Bg4 Kf7 31.Nd7 Ke8 32.c5 h5 33.Bh3 Rf7+ 34.Kg3 Rxd7 35.Bxd7+ Kxd7 36.cxb6 a6
37.Kh4 Bxg2 38.Kxh5 Be4 39.Kg5 Kc6 40.h4 g6 41.Kf6 a5 42.Ke5 Bb1 43.a3 Bc2
44.Kf6 Kb7 45.Bd4 Kc6  1/2-1/2

[Event "XXXI Balaton Open"]
[Site "Heviz HUN"]
[Date "2013.09.24"]
[Round "2.2"]
[White "Okhotnik,V"]
[Black "Sonnberger,Thomas"]
[Result "1-0"]
[WhiteElo "2418"]
[BlackElo "2126"]

1.Nf3 c6 2.d4 d5 3.c4 Nf6 4.Nc3 e6 5.e3 Be7 6.Qc2 O-O 7.a3 Nbd7 8.e4 dxe4
9.Nxe4 c5 10.Nxc5 Nxc5 11.dxc5 Bxc5 12.b4 Be7 13.Bd3 a5 14.Rb1 Bd7 15.O-O axb4
16.axb4 h6 17.Ne5 Ba4 18.Qe2 Bd6 19.f4 Bxe5 20.fxe5 Qd4+ 21.Qe3 Rfd8 22.Be2 Ne4
23.Qxd4 Rxd4 24.Be3 Nc3 25.Bh5 Rxc4 26.Bxf7+ Kh8 27.Rbe1 Bd7 28.Bc5 Nd5 29.Rd1 b6
30.Rxd5 exd5 31.Bxd5 bxc5 32.Bxc4 cxb4 33.e6 Bc6 34.e7 Kh7 35.Rf8 Re8 36.Bg8+ Kg6
37.Bf7+ Kf6 38.Rxe8 Kxf7 39.Rc8 Bd7 40.Rb8 Kxe7 41.Rxb4 Kf6 42.Rf4+ Kg6 43.Rf8 Be6
44.Kf2 Bf7 45.Ra8 Be6 46.Ra6 Kf5 47.Ke3 g5 48.Kd4 h5 49.Ra5+ Kf4 50.g3+ Kg4
51.Ke5 Bd7 52.Kf6 Kh3 53.Kxg5 Kxh2 54.Kh4 Be8 55.Ra2+ Kg1 56.Ra8 Bg6 57.Rg8 Bf7
58.Rf8 Bg6 59.Kg5  1-0

[Event "XXXI Balaton Open"]
[Site "Heviz HUN"]
[Date "2013.09.24"]
[Round "2.4"]
[White "Takacs,B"]
[Black "Nemeth,Joz1"]
[Result "1-0"]
[WhiteElo "2354"]
[BlackElo "2099"]

1.d4 d5 2.c4 c6 3.Nf3 e6 4.Nc3 Nf6 5.e3 Nbd7 6.Bd3 Bd6 7.O-O O-O 8.e4 dxe4
9.Nxe4 Nxe4 10.Bxe4 Nf6 11.Bc2 h6 12.Ne5 c5 13.Qd3 Bxe5 14.dxe5 Qxd3 15.Bxd3 Nd7
16.Bf4 b6 17.Be4 Rb8 18.Bc6 Rd8 19.Rfd1 Kf8 20.Rd2 Ke7 21.Rad1 a6 22.a4 Ke8
23.h4 Ke7 24.h5 Ke8 25.f3 Ke7 26.Kf2 Ke8 27.g4 Ke7 28.b3 a5 29.Ke3 Rb7 30.Bxb7 Bxb7
31.g5  1-0

[Event "52nd World Juniors 2013"]
[Site "Kocaeli TUR"]
[Date "2013.09.25"]
[Round "12.34"]
[White "Neves,P"]
[Black "Baghdasaryan,V"]
[Result "0-1"]
[WhiteElo "2212"]
[BlackElo "2423"]

1.c4 c6 2.d4 d5 3.Nf3 Nf6 4.Nc3 e6 5.e3 Nbd7 6.Bd3 dxc4 7.Bxc4 b5 8.Bd3 Bd6
9.O-O O-O 10.e4 e5 11.Bg5 exd4 12.Nxd4 Ne5 13.Be2 h6 14.Bh4 b4 15.Na4 Ng6
16.Bg3 Bxg3 17.hxg3 Nxe4 18.Bf3 Ng5 19.Bxc6 Rb8 20.Rc1 Qf6 21.Nb3 Ba6 22.Re1 Rfd8
23.Qh5 Rbc8 24.Bf3 Rxc1 25.Rxc1 Ne5 26.Bd1 g6 27.Qxh6 Nd3 28.Rc2 Nxf2 29.Bf3 Nxf3+
30.gxf3 Qxf3  0-1

[Event "31st World Junior Girls"]
[Site "Kocaeli TUR"]
[Date "2013.09.25"]
[Round "12.36"]
[White "Firat,Deniz"]
[Black "Guney,Gamze Nur"]
[Result "1-0"]
[WhiteElo "1664"]
[BlackElo "1731"]

1.d4 d5 2.c4 c6 3.Nf3 Nf6 4.Nc3 e6 5.e3 Be7 6.Bd3 Nbd7 7.O-O O-O 8.Qe2 b6
9.e4 dxe4 10.Nxe4 Bb7 11.b3 c5 12.Bb2 Nxe4 13.Bxe4 Bxe4 14.Qxe4 Bf6 15.Ba3 Re8
16.Rad1 Qc7 17.Rfe1 h6 18.d5 exd5 19.Qxe8+ Rxe8 20.Rxe8+ Kh7 21.cxd5 Qd6
22.Rc8 Nf8 23.Rc6 Qd7 24.b4 cxb4 25.Bxb4 Ng6 26.Bd6 Qg4 27.Bg3 Qa4 28.Rcc1 Nf8
29.d6 Bb2 30.Rb1 Nd7 31.Rd2 Bc3 32.Rd3 Qc2 33.Rbd1 f6 34.h3 b5 35.Nd4 Bxd4
36.Rxd4 a5 37.R4d2 Qc6 38.Re2 b4 39.Re7 a4 40.Rb1  1-0

[Event "9th Highlands Open"]
[Site "Trebic CZE"]
[Date "2013.09.25"]
[Round "6"]
[White "Bartos,J"]
[Black "Volodin,V"]
[Result "1/2-1/2"]
[WhiteElo "2267"]
[BlackElo "2177"]

1.d4 d5 2.c4 e6 3.Nf3 Nf6 4.Nc3 c6 5.e3 Nbd7 6.Bd3 dxc4 7.Bxc4 b5 8.Bd3 Bb7
9.e4 b4 10.Na4 c5 11.e5 Nd5 12.O-O cxd4 13.Re1 g6 14.Bg5 Qa5 15.Nxd4 a6 16.Bd2 Bg7
17.a3 O-O 18.axb4 Nxb4 19.Qb3 Qd5 20.Be4 Qxb3 21.Nxb3 Nd5 22.Nbc5 Nxc5 23.Nxc5 Rfb8
24.Nxb7 Rxb7 25.Bc3 a5 26.Red1  1/2-1/2

[Event "Baku Open 2013"]
[Site "Baku AZE"]
[Date "2013.09.26"]
[Round "8.24"]
[White "Gagunashvili,M"]
[Black "Khalafova,N"]
[Result "1-0"]
[WhiteElo "2585"]
[BlackElo "2131"]

1.d4 d5 2.c4 c6 3.Nf3 Nf6 4.Nc3 e6 5.e3 Nbd7 6.Bd3 dxc4 7.Bxc4 b5 8.Bd3 a6
9.e4 c5 10.d5 c4 11.Bc2 Qc7 12.O-O Bb7 13.dxe6 fxe6 14.Ng5 Nc5 15.f4 Qc6
16.Qe2 Nd3 17.Bxd3 cxd3 18.Qxd3 b4 19.Ne2 Nxe4 20.Nf3 Bd6 21.Be3 O-O 22.Rfd1 Rac8
23.Qb3 Qc4 24.Qxc4 Rxc4 25.b3 Rc7 26.Ng5 Rc2 27.Nd4 Rxg2+ 28.Kxg2 Nxg5+ 29.Kf2 Bxf4
30.Bxf4 Rxf4+ 31.Ke3 e5 32.Ne2 Rf3+ 33.Kd2 Ne4+ 34.Ke1 Bc6 35.Ng3 Nc3 36.Rd2 Bb5
37.Rf2 Re3+ 38.Kd2 Rd3+ 39.Kc2 e4 40.a4 bxa3 41.Rd2 Nd5 42.Rxd3 exd3+ 43.Kd2 Nb4
44.Rxa3 Nc2 45.Ra2 Nd4 46.Rb2 Nf3+ 47.Ke3 d2 48.Rb1 Nxh2 49.Kxd2 g6 50.Ke3 h5
51.Kf4 Kg7 52.Ne4 Kh6 53.Rc1 Ng4 54.Rc7 Bf1 55.Rf7 g5+ 56.Nxg5 Kg6 57.Re7 Kf6
58.Re6+ Kg7 59.Nf3 Bb5 60.Ng5 Bd3 61.Rd6  1-0

[Event "XXXI Balaton Open"]
[Site "Heviz HUN"]
[Date "2013.09.26"]
[Round "4.4"]
[White "Juhasz,N"]
[Black "Czupor,Attila"]
[Result "0-1"]
[WhiteElo "1920"]
[BlackElo "1985"]

1.d4 d5 2.c4 c6 3.Nc3 Nf6 4.e3 e6 5.Nf3 Nbd7 6.Bd3 Bd6 7.e4 e5 8.exd5 cxd5
9.cxd5 O-O 10.O-O exd4 11.Ne4 Nxe4 12.Bxe4 f5 13.Bc2 Ne5 14.Nxe5 Bxe5 15.f4 Bf6
16.Bb3 a5 17.a4 Ra6 18.Bc4 Ra7 19.b3 Re8 20.Bb2 Qb6 21.Qd3 Re3 22.Qd2 d3
23.Kh1 Re2 24.Qxd3 Rxb2 25.d6+ Kh8 26.d7 Bxd7 27.Qxd7 Ra8 28.Rae1 Qc6 29.Qxf5 Qxg2+  0-1

[Event "31st World Junior Girls"]
[Site "Kocaeli TUR"]
[Date "2013.09.26"]
[Round "13.34"]
[White "Arig,B"]
[Black "Urbonaviciute,Z"]
[Result "0-1"]
[WhiteElo "1788"]
[BlackElo "1826"]

1.d4 d5 2.Nf3 Nf6 3.c4 c6 4.e3 e6 5.Nc3 Nbd7 6.Bd3 Be7 7.O-O dxc4 8.Bxc4 b5
9.Be2 Bb7 10.Qc2 a6 11.b3 c5 12.dxc5 Bxc5 13.Bd1 Qc7 14.Bb2 O-O 15.Rc1 Rac8
16.Nd4 Ba7 17.Qd2 Rb8 18.g3 Qb6 19.Bf3 Ne5 20.Bxb7 Qxb7 21.Qe2 Rfd8 22.f4 Ng6
23.Rf2 e5 24.Nf5 exf4 25.gxf4  0-1

[Event "Grand Open Blagoevgrad 2013"]
[Site "Blagoevgrad BUL"]
[Date "2013.09.28"]
[Round "1.4"]
[White "Palac,M"]
[Black "Pingov,Krasen"]
[Result "1-0"]
[WhiteElo "2562"]
[BlackElo "1898"]

1.Nf3 Nf6 2.c4 c6 3.Nc3 d5 4.d4 e6 5.e3 Nbd7 6.Qc2 Bd6 7.Bd3 Qc7 8.O-O O-O
9.c5 Be7 10.e4 dxe4 11.Nxe4 Nxe4 12.Bxe4 Nf6 13.Bd3 Rd8 14.Bg5 h6 15.Bd2 b6
16.b4 bxc5 17.bxc5 a5 18.Rab1 Ba6 19.Bxa6 Rxa6 20.Rb3 Nd5 21.Rfb1 Ra7 22.h4 Bf6
23.a4 Nf4 24.Qe4 g5 25.Rb6 Nd5 26.hxg5 hxg5 27.Bxg5 Nc3 28.Qe3 Bxd4 29.Nxd4 Rxd4
30.Rb8+ Kh7 31.Qh3+  1-0

[Event "Grand Open Blagoevgrad 2013"]
[Site "Blagoevgrad BUL"]
[Date "2013.09.28"]
[Round "1.26"]
[White "Vachev,V"]
[Black "Portokalski,Yordan"]
[Result "1-0"]
[WhiteElo "2155"]
[BlackElo "1664"]

1.d4 d5 2.c4 c6 3.Nf3 Nf6 4.Nc3 e6 5.e3 Nbd7 6.Qc2 Bb4 7.a3 Bxc3+ 8.bxc3 Ne4
9.Bd3 Ndf6 10.O-O O-O 11.Ne5 h6 12.a4 Qc7 13.f3 Ng5 14.c5 Rd8 15.a5 Ngh7
16.Bd2 Nf8 17.e4 N8d7 18.Nxd7 Nxd7 19.e5 Nf8 20.f4 Bd7 21.Rfb1 Rdb8 22.h3 Be8
23.f5 exf5 24.Bxf5 Bd7 25.Bd3 Be6 26.Qc1 Qd8 27.Qe1 b6 28.axb6 axb6 29.Rxa8 Rxa8
30.Rxb6 Qc7 31.Qg3 Kh8 32.Kh2 Ra2 33.Bc1 Nd7 34.Rb3 f6 35.exf6 Qxg3+ 36.Kxg3 Nxf6
37.Rb8+ Ng8 38.h4 Ra7 39.Bg6 Rc7 40.Bf4 Rc8 41.Be8 Ne7 42.Rxc8 Bxc8 43.Bd6 Nf5+
44.Kf2 Bb7 45.h5 Kg8 46.Bf4 Kf8 47.Bd7 Ne7 48.Bd6 Kf7 49.g4 Nc8 50.Bf4 Na7
51.Bf5 Nb5 52.Bd2 Nc7 53.g5 hxg5 54.Bxg5 Nb5 55.Bd2 Kf6 56.Bd7 Na3 57.Be8 Nc4
58.Bc1 Ke7 59.Bg6 Ba6 60.Bg5+ Ke6 61.Ke1 Na5 62.Be8 Bb5 63.Bd8 Nc4 64.Bg5 Na5
65.Bf4 Nb7 66.Be5 Ke7 67.Bg6 Kf8 68.Bd6+ Kg8 69.Be7 Na5 70.Kd2 Nc4+ 71.Ke1 Ne3
72.Bd6 Nc4 73.Kf2 Ba4 74.Kg3 Ne3 75.Bf4 Nd1 76.Bd2 Kf8 77.Kf4 Ke7 78.Ke5 Nb2
79.Bg5+ Kd7 80.Bf5+ Ke8 81.Kd6 Nd1 82.Bd7+ Kf7 83.Bxc6 Bxc6 84.Kxc6 Nxc3
85.Kd7 Nb5 86.Be3  1-0

[Event "ch-GER Rapid 2013"]
[Site "Gladenbach GER"]
[Date "2013.09.28"]
[Round "1.4"]
[White "Panzalovic,S"]
[Black "Nuber,K"]
[Result "1/2-1/2"]
[WhiteElo "2459"]
[BlackElo "2270"]

1.Nf3 d5 2.c4 c6 3.e3 Nf6 4.Nc3 e6 5.d4 Nbd7 6.Qc2 Be7 7.Bd2 O-O 8.Rd1 b6
9.e4 dxe4 10.Nxe4 Bb7 11.Be2 c5 12.Nxf6+ Bxf6 13.dxc5 bxc5 14.O-O Qc7 15.Be3 Rfd8
16.Ng5 Nf8 17.b3 Bd4 18.Bxd4 Rxd4 19.Rxd4 cxd4 20.f4 h6 21.Ne4 Ng6 22.g3 Ne7
23.Bf3 Rd8 24.Qd3 Nf5 25.Nd2 Ne3 26.Re1 Rd7 27.Re2 f6 28.Be4 e5 29.fxe5 fxe5
30.h3 Rf7 31.Rf2 Rxf2 32.Kxf2 Bc8 33.h4 Qf7+ 34.Kg1 Kf8 35.Nf1 Ng4 36.Qf3 Nf6
37.Nd2 Bg4 38.Qd3 Qe6 39.Bg2 Bf5 40.Ne4 Bxe4 41.Bxe4 Qg4 42.Bf5 e4 43.Bxg4 exd3
44.Bf3 d2 45.Kf2 Ne4+ 46.Ke2 Nxg3+ 47.Kxd2 Nf5 48.h5 Ke7 49.Kd3 Kf6 50.Bg4 Ne3
51.Bh3 Ke5 52.b4 a6 53.a4 Nd1 54.c5 Nb2+ 55.Kc2 Nxa4 56.Bc8 a5 57.Bd7 Nc3
58.bxa5 Nd5 59.Kb3 d3 60.Bb5 Kd4 61.a6 Nc7 62.a7 d2 63.Kc2 Kxc5 64.Be2 Kb6
65.Kxd2 Kxa7 66.Ke3 Kb6 67.Kd4 Kc6 68.Ke5 Kd7 69.Kf5 Ke7 70.Kg6 Kf8 71.Bc4 Ne8
72.Bb3 Nf6 73.Bc4 Ne4 74.Ba2 Nf2 75.Bc4 Nh3 76.Kf5 Ke7 77.Kg6 Kf8  1/2-1/2

[Event "TCh-Moscow GpA 2013"]
[Site "Moscow RUS"]
[Date "2013.09.28"]
[Round "5.4"]
[White "Shumilina,A"]
[Black "Babarykin,S"]
[Result "0-1"]
[WhiteElo "2285"]
[BlackElo "2306"]

1.d4 d5 2.c4 e6 3.Nc3 c6 4.e3 Nf6 5.Nf3 Nbd7 6.Qc2 Bd6 7.g4 h6 8.Rg1 e5 9.cxd5 cxd5
10.g5 hxg5 11.Rxg5 e4 12.Nb5 Bb8 13.Ne5 Nxe5 14.Rxe5+ Be6 15.Rg5 Kf8 16.Be2 Rxh2
17.Rg1 a6 18.Nc3 Bd6 19.Bd2 b5 20.a3 Rc8 21.Qb3 Nd7 22.Rf1 Nb6 23.O-O-O Kg8
24.Kb1 Qd7 25.Rc1 Rb8 26.Na2 Nc4 27.Bb4 a5 28.Be1 Bh3 29.Rg1 Rxf2 30.Bxc4 dxc4
31.Qd1 Rf3 32.Qe2 b4 33.axb4 axb4 34.Qxc4 Bh2 35.Rh1 Be6 36.Qc6 Bxa2+ 37.Kxa2 b3+
38.Kb1 Qa7 39.Qc8+ Rxc8 40.Rxc8+ Kh7 41.Rxh2+ Kg6 42.Rg2+ Kf6 43.Rc6+ Ke7
44.Bb4+ Kd7 45.Rd6+ Kc7  0-1

[Event "Grand Open Blagoevgrad 2013"]
[Site "Blagoevgrad BUL"]
[Date "2013.09.29"]
[Round "3.1"]
[White "Ivanov,Bor BUL"]
[Black "Saric,Iv"]
[Result "1/2-1/2"]
[WhiteElo "2324"]
[BlackElo "2627"]

1.d4 d5 2.c4 c6 3.Nf3 Nf6 4.Nc3 e6 5.e3 Nbd7 6.Qc2 Bd6 7.g4 h6 8.Rg1 e5 9.cxd5 cxd5
10.h4 e4 11.Nd2 g5 12.Nb5 Bb8 13.Rh1 a6 14.Nc3 Nb6 15.a4 a5 16.hxg5 Nxg4
17.gxh6 Qg5 18.Ndxe4 dxe4 19.Qxe4+ Kf8 20.h7 Qf5 21.Qxf5 Bxf5 22.Bg2 Rxh7
23.Rxh7 Bxh7 24.Bxb7 Ra7 25.Bf3 f5 26.b3 Bd6 27.Bd2 Bb4 28.Nb5 Bxd2+ 29.Kxd2 Re7
30.Nd6 Nxf2 31.Rf1 Re6 32.Nb7 f4 33.exf4 Ne4+ 34.Bxe4 Rxe4 35.Nxa5 Rxd4+
36.Kc3 Re4 37.f5 Re5 38.Nb7 Rxf5 39.Rxf5+ Bxf5 40.a5 Nc8 41.Kc4 Ke7 42.Kd5 Be6+
43.Kc5 Bxb3 44.Kc6 Bc4 45.Kc7 Na7 46.Nc5 Nb5+ 47.Kb6 Nd6 48.a6 Bxa6 49.Nxa6  1/2-1/2

[Event "Werder Bremen GM 2013"]
[Site "Bremen GER"]
[Date "2013.09.29"]
[Round "9.2"]
[White "Fish,G"]
[Black "Bluebaum,M"]
[Result "1/2-1/2"]
[WhiteElo "2464"]
[BlackElo "2514"]

1.d4 d5 2.c4 e6 3.Nc3 c6 4.e3 Nf6 5.Nf3 Nbd7 6.Be2 dxc4 7.a4 Bb4 8.Bxc4 O-O
9.O-O Qe7 10.a5 e5 11.e4 exd4 12.Qxd4 Bd6 13.Be3 Ne5 14.Nxe5 Bxe5 15.Qc5 Qc7
16.h3 Bd6 17.Qg5 Re8 18.Qh4 Be5 19.Bd3 Qd6 20.Rfd1 Qe7 21.f4 Bxc3 22.bxc3 Bf5
23.e5 Qe6 24.Bxf5 Qxf5 25.exf6 Rxe3 26.fxg7 Rae8 27.Rd8 Qc5 28.Rxe8+ Rxe8+
29.Kh2 Qxc3 30.Rb1 Qxa5 31.Rxb7 Qf5 32.Rxa7 Rc8 33.Ra4 c5 34.Rc4 Qe6 35.Rxc5 Rxc5
36.Qd8+ Kxg7 37.Qd4+ Qf6 38.Qxc5  1/2-1/2

[Event "23rd EYCC Open U16 2013"]
[Site "Budva MNE"]
[Date "2013.09.29"]
[Round "1.13"]
[White "Kambrath,Y"]
[Black "Bratkovic,Sham"]
[Result "0-1"]
[WhiteElo "2298"]
[BlackElo "2023"]

1.d4 d5 2.c4 c6 3.Nf3 e6 4.Nc3 Nf6 5.e3 Nbd7 6.Bd3 dxc4 7.Bxc4 b5 8.Bd3 Bb7
9.a3 b4 10.Ne4 c5 11.Nxc5 Bxc5 12.dxc5 bxa3 13.O-O axb2 14.Bxb2 O-O 15.Ba3 Re8
16.Rb1 Qc7 17.Qc2 Rac8 18.Rfc1 Bxf3 19.gxf3 Ne5 20.Be2 Qc6 21.Kg2 Red8 22.Bb2 Ng6
23.Bxf6 gxf6 24.Qe4 Rd5 25.Rb5 Ne5 26.Ra5 Qb7 27.Qa4 Rd2 28.Rxa7 Qb8 29.Bb5 Kh8
30.Kf1 Nxf3 31.Be2 Qxh2  0-1

[Event "33rd Munich OIS Open 2013"]
[Site "Munich GER"]
[Date "2013.09.29"]
[Round "2.5"]
[White "Baldauf,Marc"]
[Black "Braun,Th"]
[Result "1-0"]
[WhiteElo "2412"]
[BlackElo "2128"]

1.Nf3 d5 2.c4 c6 3.e3 Nf6 4.Nc3 e6 5.d4 Bd6 6.Bd3 Nbd7 7.O-O O-O 8.e4 dxe4
9.Nxe4 Nxe4 10.Bxe4 Nf6 11.Bc2 h6 12.b3 b6 13.Bb2 Bb7 14.Qd3 Re8 15.Rfe1 Qc7
16.Rad1 Rad8 17.h3 Qe7 18.Re3 Bf4 19.Re2 Bb8 20.Rde1 Qc7 21.g3 Qe7 22.Ne5 Bxe5
23.Rxe5 g6 24.R5e3 Nd7 25.Qc3 Qf6 26.Be4 Ba8 27.Qc2 Qg5 28.f4 Qe7 29.d5 cxd5
30.Bxg6 Nf8 31.Bd3 Qc5 32.Qe2 f5 33.Kh2 dxc4 34.bxc4 Qc6 35.g4 e5 36.gxf5 exf4
37.Qg4+  1-0

[Event "Oslo Int Open 2013"]
[Site "Oslo NOR"]
[Date "2013.09.29"]
[Round "3"]
[White "Agdestein,S"]
[Black "Andersen,Mad"]
[Result "1-0"]
[WhiteElo "2595"]
[BlackElo "2479"]

1.d4 d5 2.c4 c6 3.Nf3 Nf6 4.Nc3 e6 5.e3 Nbd7 6.Bd3 dxc4 7.Bxc4 b5 8.Bd3 Bb7
9.a3 b4 10.axb4 Bxb4 11.O-O c5 12.Na2 Qa5 13.Nd2 cxd4 14.Nc4 Qc5 15.Nxb4 Qxb4
16.b3 O-O 17.Ba3 Qb5 18.Nd6 Qb6 19.Nxb7 Rfb8 20.Nd6 dxe3 21.Bc2 exf2+ 22.Rxf2 Ne5
23.Nc4 Nxc4 24.bxc4 Rd8 25.Qf3 Qd4 26.Bb2  1-0

[Event "Oslo Int Open 2013"]
[Site "Oslo NOR"]
[Date "2013.09.29"]
[Round "5"]
[White "Vaarala,E"]
[Black "Lillevold,F"]
[Result "1-0"]
[WhiteElo "2289"]
[BlackElo "2161"]

1.Nf3 d5 2.c4 c6 3.d4 Nf6 4.e3 e6 5.Nc3 Nbd7 6.Qc2 Bd6 7.Bd2 O-O 8.Be2 Qe7
9.O-O dxc4 10.Bxc4 e5 11.Bd3 Re8 12.Ng5 h6 13.Nge4 Bc7 14.Rae1 Nxe4 15.Nxe4 Qh4
16.Bc3 exd4 17.g3 Qd8 18.exd4 Nb6 19.Nc5 Bh3 20.Rxe8+ Qxe8 21.Re1 Qc8 22.Qe2 Bd6
23.Qe4 g6 24.Qh4 Bf8 25.Nxb7 Bf5 26.Nc5 Bxd3 27.Nxd3 Nd5 28.Ne5 Qf5 29.Ng4 h5
30.Ne3 Nxe3 31.fxe3 Re8 32.e4 Qf3 33.Qf4 Qxf4 34.gxf4 f5 35.e5 Kf7 36.Kf2 Bh6
37.Bd2 Rb8 38.b3 Ke6 39.Rc1 Rc8 40.Rc5 Bf8 41.d5+ Kd7 42.d6 Ke6 43.h4 Rc7
44.Be3  1-0

[Event "23rd EYCC Open U16 2013"]
[Site "Budva MNE"]
[Date "2013.09.30"]
[Round "2.19"]
[White "Faizrakhmanov,Ramil"]
[Black "Tikranian,Alik"]
[Result "1-0"]
[WhiteElo "2343"]
[BlackElo "2021"]

1.d4 Nf6 2.c4 e6 3.Nf3 d5 4.Nc3 c6 5.e3 Nbd7 6.Qc2 Bd6 7.Bd3 dxc4 8.Bxc4 e5
9.O-O O-O 10.h3 exd4 11.exd4 h6 12.Bxh6 Nh7 13.Bd2 Nb6 14.Bb3 Kh8 15.Ne5 Bxe5
16.dxe5 Qh4 17.Qe4 Qh5 18.Bd1 Qg6 19.Qxg6 fxg6 20.Ne4 Nc4 21.Bc3 Re8 22.Bb3 b5
23.Bxc4 bxc4 24.Nd6 Re7 25.Nxc4  1-0

[Event "Kolomenskaya versta IM 2013"]
[Site "Kolomna RUS"]
[Date "2013.09.30"]
[Round "2"]
[White "Chumachenko,Alexander"]
[Black "Kagramanianz,V"]
[Result "1-0"]
[WhiteElo "2109"]
[BlackElo "2234"]

1.d4 d5 2.c4 c6 3.Nc3 Nf6 4.e3 e6 5.Nf3 Nbd7 6.Qc2 Bb4 7.a3 Ba5 8.Bd3 O-O
9.Ne5 Re8 10.f4 Nf8 11.Bd2 N6d7 12.O-O Bc7 13.cxd5 exd5 14.Rf3 Nf6 15.Kh1 Nh5
16.g4 Bxe5 17.gxh5 Bf6 18.Rg1 Kh8 19.Ne2 h6 20.Qc1 Nh7 21.Qc2 Nf8 22.Rfg3 Ne6
23.Qc1 Rg8 24.Bb1 Re8 25.Qc2 Nf8 26.Bb4 Re4 27.Nc3 Bf5 28.Qg2 Ne6 29.Nxe4 Bxe4
30.Bxe4 dxe4 31.Qxe4 a5 32.Bc3 Qd5 33.Qxd5 cxd5 34.Rc1 Be7 35.a4 Bd6 36.Rg2 Nc7
37.Rgc2 Ne6 38.Be1 Ra6 39.Rc8+ Kh7 40.Re8 g6 41.Rcc8 Kg7 42.Bh4 Nf8 43.Be7  1-0

[Event "33rd Munich OIS Open 2013"]
[Site "Munich GER"]
[Date "2013.09.30"]
[Round "3.6"]
[White "Jorczik,J"]
[Black "Boehm,Ju2"]
[Result "1/2-1/2"]
[WhiteElo "2405"]
[BlackElo "2158"]

1.d4 d5 2.c4 c6 3.Nf3 Nf6 4.Nc3 e6 5.e3 Nbd7 6.Qc2 Bd6 7.b3 O-O 8.Be2 e5
9.cxd5 cxd5 10.Nb5 Bb4+ 11.Bd2 Bxd2+ 12.Nxd2 a6 13.dxe5 Nxe5 14.Nd4 Bg4 15.Bxg4 Nfxg4
16.O-O Rc8 17.Qf5 g6 18.Qf4 Re8 19.Rfd1 Qe7 20.Nf1 Kh8 21.Ng3 Nf6 22.h3 Rc3
23.Qh6 Ng8 24.Qf4 Nf6 25.Qh6 Ng8 26.Qf4 Nf6  1/2-1/2

[Event "Grand Open Blagoevgrad 2013"]
[Site "Blagoevgrad BUL"]
[Date "2013.10.01"]
[Round "6.7"]
[White "Dlugy,M"]
[Black "Galunova,T"]
[Result "1-0"]
[WhiteElo "2524"]
[BlackElo "2024"]

1.d4 d5 2.c4 c6 3.Nc3 Nf6 4.e3 e6 5.Nf3 Nbd7 6.Qc2 Bd6 7.Bd2 O-O 8.O-O-O c5
9.Kb1 a6 10.cxd5 exd5 11.dxc5 Nxc5 12.Bc1 g6 13.Nd4 b5 14.f3 b4 15.Nce2 Bb7
16.Nf4 Qb6 17.h4 Rfc8 18.Qf2 b3 19.a3 Na4 20.Bd3 a5 21.Bb5 Nc5 22.h5 Bxf4
23.exf4 Ba6 24.Bxa6 Qxa6 25.hxg6 fxg6 26.Qd2 Na4 27.f5 Ra7 28.Rde1 Nc5 29.Re3 Rac7
30.fxg6 hxg6 31.Nxb3 Qb6 32.Nd4 Na4 33.Re6 Nc3+ 34.Qxc3 Qxe6 35.Nxe6 Rxc3
36.bxc3  1-0

[Event "Grand Open Blagoevgrad 2013"]
[Site "Blagoevgrad BUL"]
[Date "2013.10.02"]
[Round "7.15"]
[White "Evstatiev,G"]
[Black "Athanasiadis,M"]
[Result "1-0"]
[WhiteElo "2147"]
[BlackElo "2066"]

1.d4 e6 2.c4 d5 3.Nc3 c6 4.e3 Nf6 5.Nf3 Nbd7 6.Bd3 Bd6 7.O-O O-O 8.e4 dxe4
9.Nxe4 Nxe4 10.Bxe4 e5 11.dxe5 Nxe5 12.Nxe5 Bxe5 13.Bxh7+ Kxh7 14.Qh5+ Kg8
15.Qxe5 Qh4 16.b3 Be6 17.Bb2 Qg4 18.Rae1 Rad8 19.Re3 Rd1 20.Rxd1 Qxd1+ 21.Re1 Qg4
22.h3 Qg6 23.Re3 Kh7 24.Rg3 Qb1+ 25.Kh2 f6 26.Qc5 Rf7 27.Bd4 Qf5 28.Qxf5+ Bxf5
29.Bxa7 b5 30.Bb6 bxc4 31.bxc4 Be6 32.Rc3 Rb7 33.Bc5 Rb2 34.a3 Re2 35.Be3 Ra2
36.Kg3 g5 37.Kf3 Bf5 38.g4 Bc2 39.Bd4 Kg6 40.Re3 Bd1+ 41.Kg3 Kf7 42.Bc5 Rc2
43.Re7+ Kg6 44.Rc7 Rxc4 45.Bf8 Rc3+ 46.Kh2 Bc2 47.Rg7+ Kh6 48.a4 Rc4 49.a5 Ra4
50.a6 Be4 51.a7 c5 52.Re7+ Kg6 53.Rxe4  1-0

[Event "Grand Open Blagoevgrad 2013"]
[Site "Blagoevgrad BUL"]
[Date "2013.10.02"]
[Round "7.2"]
[White "Palac,M"]
[Black "Vasilev,M"]
[Result "1-0"]
[WhiteElo "2562"]
[BlackElo "2487"]

1.d4 d5 2.c4 c6 3.Nc3 Nf6 4.e3 e6 5.Nf3 Be7 6.Bd3 O-O 7.O-O a6 8.e4 dxc4
9.Bxc4 b5 10.Bd3 c5 11.e5 Nd5 12.Qc2 Nb4 13.Bxh7+ Kh8 14.Qe4 cxd4 15.Qxa8 N4c6
16.Be4 Qb6 17.Nxd4 Bb7 18.Qxb7 Qxb7 19.Be3 Rc8 20.Rac1 Qd7 21.Nf3 Qe8 22.Ne2 Na5
23.b3 Ba3 24.Rxc8 Qxc8 25.Bc1 Bc5 26.Bd2 Bb6 27.Rc1 Qd7 28.Ned4 f5 29.exf6 gxf6
30.Be3 Kg8 31.Re1 Qa7 32.Re2 Kf7 33.h4 Nd7 34.h5 Nf8 35.h6 Qc7 36.h7 Nxh7
37.Rc2 Qd6 38.Bxh7 b4 39.Rc8  1-0

[Event "23rd EYCC Open U18 2013"]
[Site "Budva MNE"]
[Date "2013.10.02"]
[Round "4.20"]
[White "Johansson,Linus"]
[Black "Duff,R"]
[Result "1-0"]
[WhiteElo "2321"]
[BlackElo "2171"]

1.d4 d5 2.c4 c6 3.Nc3 Nf6 4.e3 e6 5.Nf3 Nbd7 6.Bd3 dxc4 7.Bxc4 b5 8.Bd3 Bd6
9.O-O O-O 10.Bd2 Bb7 11.Rc1 a6 12.Ne4 Nxe4 13.Bxe4 Rc8 14.b4 Qe7 15.Qb3 e5
16.Rfe1 Nf6 17.Bf5 e4 18.Bxc8 Bxc8 19.Ne5 Bxe5 20.dxe5 Qxe5 21.Bc3 Qg5 22.Bxf6 Qxf6
23.Qc3 Qxc3 24.Rxc3 Be6 25.Rxc6 Ra8 26.h3 Kf8 27.Rd1 a5 28.a3 axb4 29.axb4 Bc4
30.Rd4 Bd3 31.Rc7 g6 32.Kh2 Ra2 33.Kg3 h5 34.h4 Rb2 35.f3 Bc4 36.Rxe4 Rxb4
37.Kf4 Rb2 38.g3 Rf2 39.Ree7 Kg8 40.e4 Kf8 41.Red7 Be6 42.Rd8+ Kg7 43.Rb7 Bc4
44.Rbb8 Kf6 45.e5+ Ke7 46.Rd6 Ra2 47.Rb7+ Ke8 48.Kg5 Re2 49.Kf6 Ra2 50.Rb8+  1-0

[Event "23rd EYCC Girls U18 2013"]
[Site "Budva MNE"]
[Date "2013.10.02"]
[Round "4.9"]
[White "Smirnova,Ek"]
[Black "Khafizova,Y"]
[Result "0-1"]
[WhiteElo "2107"]
[BlackElo "1955"]

1.d4 d5 2.c4 e6 3.Nc3 Nf6 4.Nf3 c6 5.e3 Nbd7 6.Bd3 dxc4 7.Bxc4 b5 8.Bd3 b4
9.Ne4 Nxe4 10.Bxe4 Bb7 11.O-O Bd6 12.Bd2 Rc8 13.a3 bxa3 14.b4 O-O 15.Rxa3 Bb8
16.Bb1 Qe7 17.Qc2 f5 18.e4 c5 19.bxc5 Bxe4 20.Qa4 Bc6 21.Qa6 Bd5 22.Re1 Rc6
23.Qb5 Rc7 24.Ba2 Be4 25.Ra6 Kh8 26.Rxe6 Qd8 27.Ng5 Nxc5 28.d5 h6 29.Rxh6+ gxh6
30.Bc3+ Rg7 31.Qxc5 hxg5 32.Qd4 Qd7 33.Qe3 Qd6 34.Qxg5 Qxh2+ 35.Kf1 Qxg2+
36.Qxg2 Bxg2+ 37.Kg1 Be4+ 38.Bxg7+ Kxg7 39.Re3 Kf6 40.f3 Bc2 41.Re6+ Kg5
42.Kf2 Kf4 43.Rc6 Bd3 44.Rc3 Bb5 45.Rb3 a6 46.Rb4+ Ke5 47.f4+ Kd6 48.Rb2 Ba7+
49.Kf3 Re8 50.Bb1 Re3+ 51.Kg2 Re2+ 52.Rxe2 Bxe2 53.Bxf5 Kxd5 54.Bb1 a5 55.Bc2 Kc4
56.f5 Kc3 57.Ba4 Kb4 58.Bc2 Kc4 59.Ba4 Kb4 60.Bc2 Bb5 61.Kf3 Ba4 62.Bb1 Bd1+
63.Kf4 a4 64.f6 Kc3 65.Ke5 Bc5 66.f7 a3 67.Kd5 Bf8  0-1

[Event "Tatry Open 2013"]
[Site "Tatranske Zruby SVK"]
[Date "2013.10.02"]
[Round "5.1"]
[White "Vul,A"]
[Black "Malik,J"]
[Result "1/2-1/2"]
[WhiteElo "2287"]
[BlackElo "2246"]

1.Nf3 Nf6 2.c4 e6 3.Nc3 d5 4.d4 c6 5.e3 Nbd7 6.Qc2 Bd6 7.b3 O-O 8.Be2 Re8
9.O-O Qe7 10.Bb2 dxc4 11.bxc4 e5 12.Rfe1 e4 13.Nd2 Nf8 14.f3 exf3 15.Bxf3 Ng4
16.Nf1 Qg5 17.e4 Ne6 18.Rad1 c5 19.Nb5  1/2-1/2

[Event "Lichtenrader Herbst 2013"]
[Site "Berlin GER"]
[Date "2013.10.03"]
[Round "6.12"]
[White "Partenheimer,A"]
[Black "Postler,R"]
[Result "1-0"]
[WhiteElo "2136"]
[BlackElo "2249"]

1.Nf3 d5 2.d4 Nf6 3.c4 c6 4.Nc3 e6 5.e3 Nbd7 6.Qc2 Bd6 7.Bd3 dxc4 8.Bxc4 O-O
9.O-O b5 10.Be2 Bb7 11.e4 e5 12.dxe5 Nxe5 13.Nd4 Neg4 14.g3 Bxg3 15.hxg3 Qxd4
16.Qd1 Qxd1 17.Rxd1 Rfe8 18.f3 Ne5 19.Be3 h6 20.Rd6 Re6 21.Rad1 Rxd6 22.Rxd6 Ng6
23.Kf2 Kf8 24.Bc5 Ke8 25.Nxb5  1-0

[Event "23rd EYCC Girls U18 2013"]
[Site "Budva MNE"]
[Date "2013.10.03"]
[Round "5.1"]
[White "Baraeva,M"]
[Black "Ziaziulkina,N"]
[Result "1/2-1/2"]
[WhiteElo "2148"]
[BlackElo "2363"]

1.d4 d5 2.c4 e6 3.Nf3 c6 4.e3 Nf6 5.Nc3 Nbd7 6.b3 Bd6 7.Bd3 O-O 8.Qc2 e5
9.cxd5 cxd5 10.dxe5 Nxe5 11.Nxe5 Bxe5 12.Bb2 Re8 13.Ne2 d4 14.exd4 Bxd4 15.Bxd4 Qxd4
16.O-O Qb6 17.h3 Bd7 18.Rad1 Rad8 19.Ng3 Bc6 20.Rfe1 Rxe1+ 21.Rxe1 Qa5 22.Rd1 g6
23.Be2 Rxd1+ 24.Bxd1 h5 25.Nf1 Ne4 26.Be2 Qc3 27.Bd3 Qd4 28.Ne3 Kg7 29.a4 Nf6
30.Bc4 Ne4 31.Qd3 Qa1+ 32.Qf1 Qb2 33.Nd1 Qd2 34.Ne3 Qb2 35.Nd1 Qd4 36.Qd3 Qf6
37.f3 Nd6 38.Bd5 Bxd5 39.Qxd5 Nf5 40.Kh2 Qe7 41.Nf2 Qc7+ 42.Kg1 Qg3 43.Qe4 Nh4
44.f4 Qxb3 45.Qd4+ f6 46.Ne4 Qe6 47.Ng3 Qc6 48.Qe4 Qxe4 49.Nxe4 Nf5 50.g4 hxg4
51.hxg4 Nd4 52.Kf2 b5 53.Ke3 Nc2+  1/2-1/2